Le self : Normalité et pathologie (notice n° 2198705)

détails MARC
000 -LEADER
fixed length control field 01715cam a2200133 4500500
005 - DATE AND TIME OF LATEST TRANSACTION
control field 20260405085559.0
041 ## - LANGUAGE CODE
Language code of text/sound track or separate title fre
042 ## - AUTHENTICATION CODE
Authentication code dc
100 10 - MAIN ENTRY--PERSONAL NAME
Personal name Manning, Liliann
Relator term author
245 00 - TITLE STATEMENT
Title Le self : Normalité et pathologie
260 ## - PUBLICATION, DISTRIBUTION, ETC.
Name of publisher, distributor, etc. Armand Colin,<br/>
Date of publication, distribution, etc. 2016.<br/>
520 ## - SUMMARY, ETC.
Summary, etc. L’étude du self prend sa place dans la tentative de réponse à la lancinante question « qui sommes-nous ? ». L’auteur, situant sa réflexion au carrefour des (neuro)sciences cognitives et de la phénoménologie, appréhende le self comme un ensemble de processus neurocognitifs où s’enracinent les sentiments de cohérence, d’individualité et d’unicité. L’originalité du présent ouvrage réside dans : • son cadre de travail qui considère l’être humain comme un donneur de sens ; • la place accordée aux relations entre la mémoire de soi et le sens du self ; • sa vision clinique enrichie par l’introduction de la méthode de l’analyse phénoménologique interprétative ; • la présentation détaillée de cas cliniques, qui montrent, entre autres, la nécessité de reconsidérer le self dans la maladie d’Alzheimer et dans l’amnésie en général, et suggèrent une voie nouvelle pour tenter de mieux comprendre le vécu du patient schizophrène. Ce livre s’adresse à toute personne désireuse de clarifier la notion de self, et plus particulièrement aux étudiants de master, aux cliniciens chercheurs et praticiens cliniciens de la cognition humaine, dans les domaines de la psychologie, de la neuropsychologie, de la neurologie, de la gérontologie et de la psychiatrie.
856 41 - ELECTRONIC LOCATION AND ACCESS
Uniform Resource Identifier <a href="https://shs.cairn.info/le-self--9782200601676?lang=fr&redirect-ssocas=7080">https://shs.cairn.info/le-self--9782200601676?lang=fr&redirect-ssocas=7080</a>

Pas d'exemplaire disponible.

PLUDOC

PLUDOC est la plateforme unique et centralisée de gestion des bibliothèques physiques et numériques de Guinée administré par le CEDUST. Elle est la plus grande base de données de ressources documentaires pour les Étudiants, Enseignants chercheurs et Chercheurs de Guinée.

Adresse

627 919 101/664 919 101

25 boulevard du commerce
Kaloum, Conakry, Guinée

Réseaux sociaux

Powered by Netsen Group @ 2025